Central Library OPAC University of Rajshahi

রবীন্দ্রজীবনী ও রবীন্দ্রসাহিত্য-প্রবেশক / (Record no. 80062)

MARC details
000 -LEADER
fixed length control field 01445nam a2200301 a 4500
001 - CONTROL NUMBER
control field 80062
003 - CONTROL NUMBER IDENTIFIER
rucl marc code BD-RjUL
005 - DATE AND TIME OF LATEST TRANSACTION
control field 20220629152044.0
008 - FIXED-LENGTH DATA ELEMENTS--GENERAL INFORMATION
fixed length control field 220623r20192009ii a b 001 0dben
020 ## - INTERNATIONAL STANDARD BOOK NUMBER
International Standard Book Number 9788175222182 (Vol.2)
International Standard Book Number 9788175222250 (Set)
035 ## - SYSTEM CONTROL NUMBER
System control number (BD-RjUL)80062
040 ## - CATALOGING SOURCE
Original cataloging agency BD-RjUL
Transcribing agency BD-RjUL
Language of cataloging ben/eng
041 ## - LANGUAGE CODE
Language code of text/sound track or separate title ben
082 ## - DEWEY DECIMAL CLASSIFICATION NUMBER
Edition number 23
Classification number 891.441092
Author mark and year MUR 2019
100 1# - MAIN ENTRY--PERSONAL NAME
Personal name মুখোপাধ্যায়, প্রভাতকুমার
9 (RLIN) 238534
245 10 - TITLE STATEMENT
Title রবীন্দ্রজীবনী ও রবীন্দ্রসাহিত্য-প্রবেশক /
Statement of responsibility, etc. প্রভাতকুমার মুখোপাধ্যায় ; সম্পাদনা নরেশ গুহ ও শিবানী রায়
250 ## - EDITION STATEMENT
Edition statement ৫ম সং.
260 ## - PUBLICATION, DISTRIBUTION, ETC. (IMPRINT)
Place of publication, distribution, etc. কলিকাতা :
Name of publisher, distributor, etc. বিশ্বভারতী গ্রন্থনবিভাগ,
Date of publication, distribution, etc. ২০০৯[পুনর্মুদ্রণ ২০১৯]
300 ## - PHYSICAL DESCRIPTION
Pagination খণ্ড ;
Size ২5 সেমি.
500 ## - GENERAL NOTE
General note নির্দেশিকা সংযুক্ত
505 0# - FORMATTED CONTENTS NOTE
Formatted contents note খণ্ড ২--
600 ## - SUBJECT ADDED ENTRY--PERSONAL NAME
Personal name ঠাকুর, রবীন্দ্রনাথ,
Dates associated with a name ১৮৬১-১৯৪১
General subdivision জীবনী
Personal name Tagore, Robindronath
Dates associated with a name 1861-1941
General subdivision Biography
700 ## - ADDED ENTRY--PERSONAL NAME
Personal name গুহ , নরেশ
Personal name রায়, শিবানী
942 ## - ADDED ENTRY ELEMENTS (KOHA)
Source of classification or shelving scheme Dewey Decimal Classification
Koha item type Books
Holdings
Lost status Source of classification or shelving scheme Damaged status Not for loan Collection code Permanent Location Current Location Shelving location Date acquired Source of acquisition Cost, normal purchase price Total Checkouts Full call number Date last seen Copy number Koha item type Date checked out
  Dewey Decimal Classification   Not For Loan Non-fiction Central Library, University of Rajshahi Central Library, University of Rajshahi Reading Room 10/05/2022 Dhaka: Annarakam 1440.00   B 891.441092 MUR V-2 2019 29/06/2022 C-1 Books  
  Dewey Decimal Classification     Non-fiction Central Library, University of Rajshahi Central Library, University of Rajshahi General Stacks 10/05/2022 Dhaka: Annarakam 1440.00 1 B 891.441092 MUR V-2 2019 27/02/2025 C-2 Books 24/02/2025